[Event "Bad Pyrmont Pape op-A 2nd"]
[Site "Bad Pyrmont"]
[Date "2023.08.13"]
[Round "7"]
[White "Sauer, Tim"]
[Black "Laubsch, Bernd"]
[Result "1-0"]
[WhiteElo "2083"]
[BlackElo "2257"]
[PlyCount "57"]
[EventDate "2023.08.10"]
[EventType "swiss"]
[EventRounds "7"]
[EventCountry "GER"]
[SourceTitle "EXT 2024"]
[Source "ChessBase"]
[SourceDate "2023.10.10"]
[SourceVersion "1"]
[SourceVersionDate "2023.10.10"]
[SourceQuality "1"]

1. d4 Nf6 2. Nf3 g6 3. c4 Bg7 4. e3 0-0 5. Be2 c6 6. 0-0 d5 7. Nc3 a6 8. Ne5 Ne4 9. Qb3 Nxc3 10. bxc3 Bxe5 11. dxe5 dxc4 12. Qxc4 Qc7 13. f4 Be6 14. Qe4 Nd7 15. Ba3 Rfe8 16. g4 b5 17. Qc2 f5 18. Bd3 Kh8 19. gxf5 gxf5 20. Bxf5 Rg8+ 21. Kh1 Bxf5 22. Qxf5 c5 23. Qe4 e6 24. Rf3 Raf8 25. Rg1 Rxg1+ 26. Kxg1 Nb6 27. Rh3 Rf5 28. Rg3 Nc4 29. Qa8+ 1-0

[Event "Helsingor Xtracon op"]
[Site "Helsingor"]
[Date "2018.07.28"]
[Round "9"]
[White "Laubsch, Bernd"]
[Black "Le Besq, Alexander"]
[Result "1-0"]
[WhiteElo "2269"]
[BlackElo "2097"]
[PlyCount "117"]
[EventDate "2018.07.21"]
[EventType "swiss"]
[EventRounds "10"]
[EventCountry "DEN"]
[SourceTitle "CBM 185 Extra"]
[Source "ChessBase"]
[SourceDate "2018.07.29"]
[SourceVersion "1"]
[SourceVersionDate "2018.07.29"]
[SourceQuality "1"]

1. e4 c5 2. Nf3 d6 3. d4 cxd4 4. Nxd4 Nf6 5. Nc3 g6 6. Be3 Bg7 7. f3 0-0 8. Qd2 Nc6 9. Bc4 Bd7 10. Bb3 Qa5 11. h4 h5 12. 0-0-0 Rfc8 13. Kb1 Ne5 14. Bg5 Nc4 15. Bxc4 Rxc4 16. Bxf6 exf6 17. Nb3 Qe5 18. Qxd6 Be6 19. Qxe5 fxe5 20. Rd3 Kf8 21. Rhd1 Rac8 22. Rd8+ Ke7 23. Rxc8 Rxc8 24. Nd5+ Kf8 25. c3 f5 26. g3 Bh6 27. Kc2 Kg7 28. Kd3 b6 29. Nd2 Rf8 30. Nc4 fxe4+ 31. Kxe4 Rxf3 32. Kxf3 Bg4+ 33. Ke4 Bxd1 34. Kxe5 Bc2 35. Nd6 Bb1 36. Nc8 Bc1 37. b4 Bxa2 38. Nxa7 Bxd5 39. Kxd5 Bd2 40. Ke4 Bxc3 41. b5 Be1 42. Kf4 Kf6 43. Nc8 Bd2+ 44. Ke4 Be1 45. Nxb6 Bxg3 46. Nd5+ Kf7 47. b6 Bb8 48. Nc7 g5 49. hxg5 Kg6 50. Ne6 h4 51. b7 h3 52. Nf4+ Kxg5 53. Nxh3+ Kf6 54. Kd5 Ke7 55. Kc6 Kd8 56. Ng5 Ke7 57. Ne4 Kd8 58. Nc5 Bh2 59. Ne6+ 1-0

[Event "Helsingor Xtracon op"]
[Site "Helsingor"]
[Date "2018.07.23"]
[Round "4"]
[White "Aagaard, Jacob"]
[Black "Laubsch, Bernd"]
[Result "1/2-1/2"]
[WhiteElo "2482"]
[BlackElo "2269"]
[PlyCount "73"]
[EventDate "2018.07.21"]
[EventType "swiss"]
[EventRounds "10"]
[EventCountry "DEN"]
[SourceTitle "CBM 185 Extra"]
[Source "ChessBase"]
[SourceDate "2018.07.29"]
[SourceVersion "1"]
[SourceVersionDate "2018.07.29"]
[SourceQuality "1"]

1. e4 c5 2. Nf3 d6 3. d4 cxd4 4. Nxd4 Nf6 5. Nc3 a6 6. f3 e5 7. Nb3 Be6 8. Be3 Be7 9. Qd2 0-0 10. 0-0-0 a5 11. a4 Na6 12. g4 Nb4 13. g5 Nh5 14. Rg1 Rc8 15. Kb1 Rc6 16. f4 Nxf4 17. Bxf4 exf4 18. Qxf4 Bxb3 19. cxb3 Rc5 20. h4 f5 21. Bc4+ Kh8 22. Rge1 Re5 23. exf5 Rfxf5 24. Qd4 Qe8 25. Rxe5 Rxe5 26. Bd3 Bf8 27. Ka1 Qe6 28. Qf2 Be7 29. Bc4 Qf5 30. Qxf5 Rxf5 31. Nd5 Nxd5 32. Bxd5 b6 33. Rc1 g6 34. Rc8+ Bf8 35. Be6 Rf4 36. Ka2 h6 37. gxh6 1/2-1/2

[Event "Helsingor Xtracon op"]
[Site "Helsingor"]
[Date "2018.07.22"]
[Round "3"]
[White "Laubsch, Bernd"]
[Black "Grigorov, Grigor"]
[Result "1/2-1/2"]
[WhiteElo "2269"]
[BlackElo "2506"]
[PlyCount "46"]
[EventDate "2018.07.21"]
[EventType "swiss"]
[EventRounds "10"]
[EventCountry "DEN"]
[SourceTitle "CBM 185 Extra"]
[Source "ChessBase"]
[SourceDate "2018.07.29"]
[SourceVersion "1"]
[SourceVersionDate "2018.07.29"]
[SourceQuality "1"]

1. e4 e6 2. d4 d5 3. Nd2 c5 4. exd5 exd5 5. Ngf3 Nc6 6. Bb5 cxd4 7. Nxd4 Bd7 8. N2f3 Nf6 9. 0-0 Be7 10. c3 0-0 11. Bg5 h6 12. Bh4 Qb6 13. Re1 Rfe8 14. Qb3 g5 15. Bg3 Bc5 16. Bxc6 Rxe1+ 17. Rxe1 bxc6 18. Qxb6 axb6 19. a3 Rc8 20. Ne5 Be8 21. Nf5 Bf8 22. f3 c5 23. h3 Kh7 1/2-1/2

[Event "Helsingor Xtracon op"]
[Site "Helsingor"]
[Date "2018.07.22"]
[Round "2"]
[White "Rasmussen, Lars Garne"]
[Black "Laubsch, Bernd"]
[Result "0-1"]
[WhiteElo "1995"]
[BlackElo "2269"]
[PlyCount "84"]
[EventDate "2018.07.21"]
[EventType "swiss"]
[EventRounds "10"]
[EventCountry "DEN"]
[SourceTitle "CBM 185 Extra"]
[Source "ChessBase"]
[SourceDate "2018.07.29"]
[SourceVersion "1"]
[SourceVersionDate "2018.07.29"]
[SourceQuality "1"]

1. e4 c5 2. Nf3 e6 3. d4 cxd4 4. Nxd4 Nf6 5. Nc3 d6 6. Be2 Be7 7. 0-0 0-0 8. f4 Nc6 9. Be3 e5 10. fxe5 dxe5 11. Nf5 Bb4 12. Qxd8 Nxd8 13. Nd5 Nxd5 14. exd5 g6 15. Nh6+ Kg7 16. Ng4 Bxg4 17. Bxg4 f5 18. a3 Be7 19. Be2 b6 20. c4 Bc5 21. Bxc5 bxc5 22. b4 Nb7 23. Bd1 Rac8 24. Rc1 Rf7 25. Ba4 Kf6 26. Bc6 e4 27. Rfd1 Ke5 28. Kf2 Kd6 29. Ke3 Re7 30. g3 Nd8 31. Ba4 Nf7 32. Rd2 Ne5 33. b5 Rf8 34. Bd1 g5 35. Rg2 Nd3 36. Rb1 f4+ 37. gxf4 gxf4+ 38. Kd2 f3 39. Rg3 Ne5 40. Rc1 Nd3 41. Rb1 Nf4 42. Bb3 f2 0-1

[Event "Niedersachsen-ch"]
[Site "Verden"]
[Date "2017.01.08"]
[Round "7"]
[White "Laubsch, Bernd"]
[Black "Lange, Torsten"]
[Result "1/2-1/2"]
[WhiteElo "2301"]
[BlackElo "2023"]
[PlyCount "107"]
[EventDate "2017.01.05"]
[EventType "swiss"]
[EventRounds "7"]
[EventCountry "GER"]
[SourceTitle "EXT 2018"]
[Source "ChessBase"]
[SourceDate "2017.10.13"]
[SourceVersion "1"]
[SourceVersionDate "2017.10.13"]
[SourceQuality "1"]

1. e4 e6 2. d4 d5 3. Nd2 c5 4. exd5 Qxd5 5. Ngf3 cxd4 6. Bc4 Qh5 7. Be2 Qd5 8. 0-0 Nc6 9. Nb3 a6 10. Nfxd4 Nxd4 11. Nxd4 e5 12. Nb3 Qxd1 13. Rxd1 Bf5 14. c3 Nf6 15. Na5 b6 16. Nc4 Nd7 17. a4 Be6 18. Be3 Bc5 19. Bxc5 bxc5 20. Rd6 Ke7 21. Rad1 Rhb8 22. a5 Ra7 23. R1d2 Rbb7 24. Kf1 Rc7 25. Ke1 f6 26. Kd1 Nb8 27. Rb6 Rcb7 28. Rdd6 Rxb6 29. Rxb6 Nd7 30. Rb3 Kd8 31. Ra3 Nb8 32. Ne3 Nc6 33. Kc2 Kc7 34. Ra1 Ra8 35. h4 Kb7 36. h5 h6 37. Bd3 Rd8 38. Ra4 Ne7 39. b4 Bd7 40. Ra1 cxb4 41. cxb4 Nc6 42. Kc3 Nd4 43. Rb1 Rc8+ 44. Kd2 Rd8 45. Ke1 Be8 46. Be4+ Kb8 47. g4 Bb5 48. f3 Rd6 49. Rc1 Rd7 50. Rc5 Rc7 51. Rd5 Rd7 52. Rc5 Rc7 53. Rd5 Rd7 54. Rc5 1/2-1/2

[Event "Niedersachsen-ch"]
[Site "Verden"]
[Date "2017.01.05"]
[Round "2"]
[White "Polster, Christian"]
[Black "Laubsch, Bernd"]
[Result "0-1"]
[WhiteElo "2242"]
[BlackElo "2301"]
[PlyCount "118"]
[EventDate "2017.01.05"]
[EventType "swiss"]
[EventRounds "7"]
[EventCountry "GER"]
[SourceTitle "EXT 2018"]
[Source "ChessBase"]
[SourceDate "2017.10.13"]
[SourceVersion "1"]
[SourceVersionDate "2017.10.13"]
[SourceQuality "1"]

1. e4 c5 2. Nc3 Nc6 3. f4 g6 4. Nf3 Bg7 5. Bc4 e6 6. 0-0 Nge7 7. e5 d5 8. Bb5 0-0 9. Qe1 Bd7 10. Bxc6 Nxc6 11. Ne2 Nb4 12. Qd1 d4 13. c3 d3 14. cxb4 dxe2 15. Qxe2 cxb4 16. d4 Bc6 17. Be3 Qd5 18. Rfc1 Rfc8 19. Rc5 Qd7 20. Rac1 Bf8 21. R5c2 a5 22. Nd2 Bd5 23. b3 Rxc2 24. Rxc2 b5 25. g4 Be7 26. Rc1 a4 27. g5 Bb7 28. Kf2 Qd5 29. Qf3 Kf8 30. Qxd5 Bxd5 31. Ke2 Ke8 32. Kd3 Kd7 33. Kc2 h6 34. h4 hxg5 35. fxg5 Rc8+ 36. Kb2 a3+ 37. Kb1 Rc3 38. Re1 Bd8 39. Bf2 Bb6 40. Ne4 Bxe4+ 41. Rxe4 Rf3 42. Be1 Kc6 43. Bxb4 Kd5 44. Re1 Bxd4 45. Bxa3 Bxe5 46. Bc1 Bd4 47. Kc2 e5 48. a4 Rc3+ 49. Kd1 Rxb3 50. axb5 Rxb5 51. Rh1 e4 52. h5 gxh5 53. Rxh5 Kc4 54. Rh3 Rb3 55. Rh4 Kd3 56. Rh7 e3 57. Rxf7 e2+ 58. Ke1 Bc3+ 59. Kf2 e1Q+ 0-1

[Event "Niedersachsen-ch"]
[Site "Verden"]
[Date "2015.01.04"]
[Round "5"]
[White "Laubsch, Bernd"]
[Black "Grigorian, Spartak"]
[Result "1/2-1/2"]
[WhiteElo "2300"]
[BlackElo "2291"]
[PlyCount "59"]
[EventDate "2015.01.02"]
[EventType "swiss"]
[EventRounds "7"]
[EventCountry "GER"]
[SourceTitle "EXT 2018"]
[Source "ChessBase"]
[SourceDate "2017.10.13"]
[SourceVersion "1"]
[SourceVersionDate "2017.10.13"]
[SourceQuality "1"]

1. e4 c5 2. Nf3 d6 3. d4 cxd4 4. Nxd4 Nf6 5. Nc3 a6 6. h3 e6 7. g3 b5 8. Bg2 Bb7 9. a3 Nbd7 10. 0-0 Rc8 11. Qe2 Rc4 12. Nb3 Qc7 13. Bf4 Ne5 14. Rfd1 Be7 15. Nd2 Rc6 16. Nf1 Nc4 17. Bc1 0-0 18. Na2 Rc5 19. Nb4 Qb8 20. b3 Ne5 21. Bb2 Ned7 22. Rac1 Qa8 23. f3 Rfc8 24. Ne3 Qb8 25. Nd3 Rg5 26. Nf1 d5 27. e5 Ne8 28. h4 Rg6 29. Kh2 Kh8 30. f4 1/2-1/2

[Event "Niedersachsen-ch"]
[Site "Verden"]
[Date "2015.01.02"]
[Round "2"]
[White "Schmidt Brauns, Joachim"]
[Black "Laubsch, Bernd"]
[Result "1-0"]
[WhiteElo "2149"]
[BlackElo "2300"]
[PlyCount "129"]
[EventDate "2015.01.02"]
[EventType "swiss"]
[EventRounds "7"]
[EventCountry "GER"]
[SourceTitle "EXT 2018"]
[Source "ChessBase"]
[SourceDate "2017.10.13"]
[SourceVersion "1"]
[SourceVersionDate "2017.10.13"]
[SourceQuality "1"]

1. c4 Nf6 2. Nc3 d5 3. cxd5 Nxd5 4. g3 g6 5. Bg2 Nb6 6. h4 h6 7. d3 Bg7 8. Be3 N8d7 9. a4 Nf6 10. a5 Nbd5 11. Bd2 c6 12. Qc1 Qd6 13. Nf3 Bd7 14. 0-0 e5 15. Rd1 Rd8 16. Ne4 Qe7 17. Qc5 Nxe4 18. Qxe7+ Nxe7 19. dxe4 f6 20. Be3 Nc8 21. Ra3 Be6 22. Rad3 Rd7 23. Rc1 a6 24. Nd2 Bf8 25. Bc5 Bxc5 26. Rxc5 Rhh7 27. Kf1 Nd6 28. f4 exf4 29. gxf4 Nb5 30. f5 Rxd3 31. exd3 gxf5 32. exf5 Bg8 33. Ne4 Ke7 34. Rc2 Bd5 35. Nc5 Nd4 36. Rf2 Kd6 37. b4 Ke5 38. Be4 Rg7 39. Rg2 Rxg2 40. Kxg2 Nxf5 41. Nxb7 Bxe4+ 42. dxe4 Kxe4 43. Nc5+ Kd5 44. Kh3 Kc4 45. Nxa6 Ne7 46. Kg4 f5+ 47. Kf4 h5 48. Kg5 Kb5 49. Nb8 Nd5 50. a6 Kb6 51. a7 Kxa7 52. Nxc6+ Kb6 53. Ne5 f4 54. Kxh5 Nxb4 55. Kg5 Kc7 56. h5 Kd6 57. h6 Kxe5 58. h7 Nd3 59. h8Q+ Ke4 60. Qe8+ Kf3 61. Kf5 Nf2 62. Qe5 Nh3 63. Qc3+ Kg2 64. Kg4 Ng1 65. Qd2+ 1-0

[Event "Prague Summer op 1st"]
[Site "Prague"]
[Date "2014.08.14"]
[Round "7"]
[White "Kourousis, Epaminondas"]
[Black "Laubsch, Bernd"]
[Result "1/2-1/2"]
[WhiteElo "2359"]
[BlackElo "2289"]
[PlyCount "68"]
[EventDate "2014.08.09"]
[EventType "swiss"]
[EventRounds "9"]
[EventCountry "CZE"]
[SourceTitle "CBM 162 Extra"]
[Source "ChessBase"]
[SourceDate "2014.10.17"]
[SourceVersion "1"]
[SourceVersionDate "2014.10.17"]
[SourceQuality "1"]

1. Nf3 Nf6 2. c4 g6 3. Nc3 d5 4. cxd5 Nxd5 5. e4 Nxc3 6. dxc3 Qxd1+ 7. Kxd1 f6 8. Bc4 e5 9. Be3 Nd7 10. Ke2 Bc5 11. Nd2 Bxe3 12. Kxe3 Ke7 13. Be2 Nf8 14. g3 Be6 15. h4 h5 16. f4 Nd7 17. Raf1 Rag8 18. a3 a5 19. f5 gxf5 20. exf5 Bd5 21. Rhg1 Rg7 22. c4 Bf7 23. Ne4 Nb8 24. Nc3 Rd8 25. Rd1 Rxd1 26. Bxd1 Nc6 27. Nd5+ Bxd5 28. cxd5 Nd4 29. Ke4 Rh7 30. Re1 Kd6 31. b4 axb4 32. axb4 Rh8 33. Re3 b6 34. Rc3 Rh6 1/2-1/2

[Event "Niedersachsen-ch"]
[Site "Verden"]
[Date "2013.01.05"]
[Round "5"]
[White "Laubsch, Bernd"]
[Black "Tonndorf, Matthias"]
[Result "1-0"]
[WhiteElo "2309"]
[BlackElo "2234"]
[PlyCount "145"]
[EventDate "2013.01.03"]
[EventType "swiss"]
[EventRounds "7"]
[EventCountry "GER"]
[SourceTitle "EXT 2014"]
[Source "ChessBase"]
[SourceDate "2013.11.20"]
[SourceVersion "1"]
[SourceVersionDate "2013.11.20"]
[SourceQuality "1"]

1. e4 c5 2. Nf3 e6 3. d4 cxd4 4. Nxd4 a6 5. Bd3 Nf6 6. 0-0 Qc7 7. Qe2 d6 8. Nc3 Nc6 9. Nxc6 bxc6 10. f4 Nd7 11. Kh1 Be7 12. Bd2 Nc5 13. Qg4 Bf6 14. Qg3 Rb8 15. b3 0-0 16. Rae1 Nxd3 17. cxd3 Kh8 18. e5 Be7 19. Rf3 d5 20. Qg4 f5 21. Qh5 g6 22. Qh6 Rf7 23. Rh3 Kg8 24. Ne2 c5 25. Ng1 d4 26. Rc1 Qd7 27. Be1 Bf8 28. Qh4 Bb7 29. Qf2 Bd5 30. Nf3 Qb7 31. Nd2 Rg7 32. Qe2 g5 33. fxg5 Rxg5 34. Rg3 Qg7 35. Nf3 Rxg3 36. Bxg3 Be7 37. Be1 Kh8 38. Bd2 Rg8 39. Rf1 Qg4 40. Rf2 Ra8 41. Ba5 Rg8 42. Bc7 Rc8 43. Ba5 Qg7 44. Rf1 Qf7 45. Ng1 Qe8 46. Nh3 Qb5 47. Bd2 Rg8 48. Nf4 Bb7 49. Rg1 Qc6 50. Qh5 Rg7 51. h3 Kg8 52. Kh2 Bg5 53. g3 Be7 54. Qe2 Bd8 55. Nh5 Rf7 56. Bh6 Qf3 57. Qxf3 Bxf3 58. Nf4 Bb6 59. g4 fxg4 60. hxg4 Bc7 61. Re1 Re7 62. Kg3 Bc6 63. Bg5 Re8 64. Bf6 Bd7 65. Rc1 Bb6 66. g5 a5 67. Kg4 a4 68. g6 hxg6 69. Rh1 Rf8 70. Nxg6 Rxf6 71. exf6 Bb5 72. Kg5 Ba5 73. Rh8+ 1-0

[Event "Niedersachsen-ch"]
[Site "Verden"]
[Date "2013.01.03"]
[Round "2"]
[White "Renner, Kai"]
[Black "Laubsch, Bernd"]
[Result "1-0"]
[WhiteElo "2186"]
[BlackElo "2309"]
[PlyCount "136"]
[EventDate "2013.01.03"]
[EventType "swiss"]
[EventRounds "7"]
[EventCountry "GER"]
[SourceTitle "EXT 2014"]
[Source "ChessBase"]
[SourceDate "2013.11.20"]
[SourceVersion "1"]
[SourceVersionDate "2013.11.20"]
[SourceQuality "1"]

1. e4 c5 2. Nf3 e6 3. d4 cxd4 4. Nxd4 Nf6 5. Nc3 d6 6. Be2 Be7 7. 0-0 Nc6 8. Kh1 0-0 9. f4 Nxd4 10. Qxd4 b6 11. Qf2 Bb7 12. Bd3 Rc8 13. a4 d5 14. e5 Ne4 15. Bxe4 dxe4 16. Be3 Rc4 17. Nb5 Qb8 18. b3 Rcc8 19. c4 Bb4 20. Rad1 Rcd8 21. Qc2 Ba8 22. h3 a6 23. Nd4 Bc5 24. Qf2 Rd7 25. Nc2 Bxe3 26. Qxe3 Rfd8 27. Rd4 Rxd4 28. Nxd4 Qc7 29. Rd1 h6 30. Rd2 Rd7 31. Kg1 Qd8 32. g3 g6 33. Kf1 Kg7 34. Ke2 Qe7 35. Nc2 Rxd2+ 36. Qxd2 Qb7 37. Ke3 b5 38. axb5 axb5 39. c5 Qa7 40. Qc3 Bd5 41. Nb4 Ba8 42. Ke2 Qa5 43. Kd2 Qc7 44. Qd4 Kh7 45. Kc2 Kg7 46. g4 Bb7 47. Kd2 Ba8 48. Ke3 Qa5 49. Qc3 Qa7 50. Ke2 Qa5 51. Kf2 Bb7 52. Ke2 Ba8 53. Kd2 Qa7 54. Qd4 Kg8 55. Ke3 Qa3 56. Qc3 Qa7 57. Nc2 Bd5 58. Nb4 Ba8 59. Kd2 Kh7 60. Ke2 Bb7 61. Kd2 Ba8 62. Nc2 Qc7 63. Qd4 Qe7 64. Qd6 Qb7 65. Ne3 Qc8 66. Kc3 Bc6 67. Nc2 Qa8 68. Kb2 Bb7 1-0

[Event "Travemuende op 29th"]
[Site "Travemuende"]
[Date "2012.12.29"]
[Round "5"]
[White "Sergeev, Vladimir"]
[Black "Laubsch, Bernd"]
[Result "1-0"]
[WhiteElo "2471"]
[BlackElo "2309"]
[PlyCount "100"]
[EventDate "2012.12.27"]
[EventType "swiss"]
[EventRounds "7"]
[EventCountry "GER"]
[SourceTitle "CBM 152 Extra"]
[Source "ChessBase"]
[SourceDate "2013.02.25"]
[SourceVersion "1"]
[SourceVersionDate "2013.02.25"]
[SourceQuality "1"]

1. d4 Nf6 2. Nf3 g6 3. Bg5 Bg7 4. Nbd2 d6 5. c3 0-0 6. a4 Qe8 7. a5 e5 8. dxe5 dxe5 9. e4 h6 10. Bh4 Nbd7 11. Bc4 Nc5 12. Qc2 Nh5 13. 0-0 Be6 14. b4 Nd7 15. Rfe1 Nf4 16. Rad1 g5 17. Bg3 Qe7 18. h3 a6 19. Qb3 Kh7 20. Nf1 Rg8 21. Ne3 Bf6 22. Nd5 Nxd5 23. Bxd5 h5 24. Qc4 Bxd5 25. Qxd5 Rad8 26. Qxb7 g4 27. hxg4 h4 28. Bh2 Qe6 29. g5 Qg4 30. Qxa6 Bxg5 31. Nxg5+ Qxg5 32. Qf1 Nf6 33. Rxd8 Rxd8 34. f4 Qg7 35. fxe5 Ng4 36. Qf5+ Kh8 37. Qh5+ Kg8 38. Qxh4 Rd2 39. Qg3 Qg5 40. a6 Ra2 41. b5 Kf8 42. Qf4 Qg6 43. e6 Qxe6 44. Bg3 Qb6+ 45. Kh1 Qg6 46. Qxc7 Kg7 47. Kg1 Qg5 48. Qd7 Nf6 49. Qd6 Ng4 50. Qd4+ f6 1-0